000
00277cam a22000977a 4500
008
180718b-- xxu||||| |||| 00| 0 eng d
082
_a
A42x5421
100
_a
Uttar Pradesh. Legislative Department
245
_a
Uttar Pradesh acts and ordinannces
260
_a
Lucknow
_b
The author
_c
--
999
_c
389961
_d
389961